| 000 | 00690cam a2200169Ki 4500 | ||
|---|---|---|---|
| 082 | 0 | 4 |
_a994 _bTRE |
| 100 | 1 |
_aTregarthen, Greville Philipps, _950065 |
|
| 245 | 1 | 0 |
_aAustralian commonwealth _b(New South Wales, Tasmania, Victoria, Western Australia, South Australia, Queensland, New Zealand) / _cby Greville Tregarthen. |
| 260 |
_aLondon : _bT. Fisher Unwin, _cc1894. |
||
| 300 |
_a1 online resource (xxiv, 444 p.) : _bill., maps (1 folded), ports. |
||
| 490 | 0 | _aThe story of the nations ; | |
| 500 | _a"Fourth impression." | ||
| 526 |
_a0 _b0 _c0 _d994_000000000000000_TRE |
||
| 650 |
_aMCE _9379 |
||
| 856 | 4 | 0 | _uhttp://catalog.hathitrust.org/api/volumes/oclc/8544161.html |
| 942 |
_2ddc _cBK |
||
| 999 |
_c552821 _d552821 |
||